| 000 | 00521nam a2200217Ia 4500 | ||
|---|---|---|---|
| 008 | 170918s9999 xx 000 0 und d | ||
| 020 | _a9780439559676 | ||
| 050 | _bS857 2004 | ||
| 100 | _aStilton, Geronimo | ||
| 245 | _aFour mice deep in the jungle / | ||
| 245 | _cby Geronimo Stilton. | ||
| 260 | _aNew York : | ||
| 260 | _bScholastic, | ||
| 260 | _c2004 | ||
| 300 | _a108 pages : | ||
| 300 | _bcolor illustrations ; | ||
| 300 | _c19cm. | ||
| 300 | _eGeronimo Stilton ; | ||
| 440 | _a5 | ||
| 500 | _a460 | ||
| 999 |
_c343682 _d343682 |
||